00293nam a2200109Ia 4500008004100000082002000041100003000061245004100091250000600132260003700138300000800175150731s2012 xx 000 0 und d a615.53bCH 12 S aSHASHTRI PANDIT KASHINATH aCARAKA SAMHITA- HINDI VYAKHYA BHAG-1 a1 bCHAUKHAMBHA PUB. NEW DELHIc2012 a920